LIBRARY & INFORMATION CENTRE, KCAET, TAVANUR

ONLINE PUBLIC ACCESS CATALOGUE (OPAC)

Elementary accounting / (Record no. 2211)

MARC details
000 -LEADER
fixed length control field 00421cam a2200169ua 4500
041 ## - LANGUAGE CODE
Language code of text/sound track or separate title eng
082 ## - DEWEY DECIMAL CLASSIFICATION NUMBER
Classification number 657
Item number BAU/ EL
100 ## - MAIN ENTRY--AUTHOR NAME
Personal name Bauer, Royal D .
245 ## - TITLE STATEMENT
Title Elementary accounting /
250 ## - EDITION STATEMENT
Edition statement 3 /
260 ## - PUBLICATION, DISTRIBUTION, ETC. (IMPRINT)
Place of publication Newyork :
Name of publisher Barnes & Noble,inc ,
Year of publication 1961.
300 ## - PHYSICAL DESCRIPTION
Number of Pages 221 ; .
700 1# - ADDED ENTRY--PERSONAL NAME
Personal name Darby, Poll Holland .
942 ## - ADDED ENTRY ELEMENTS (KOHA)
Koha item type Books
Holdings
Withdrawn status Lost status Damaged status Home library Current library Date acquired Full call number Accession Number Koha item type Public note
Withdrawn     KAUAET KAUAET 07/04/2012 657 3142 Books Deleted
free website counter